LIBRARY & INFORMATION CENTRE, KCAET, TAVANUR

ONLINE PUBLIC ACCESS CATALOGUE (OPAC)

Jeevadayini / | ജീവദായിനി (Record no. 19502)

MARC details
000 -LEADER
fixed length control field 00460nam a22001817a 4500
003 - CONTROL NUMBER IDENTIFIER
control field OSt
008 - FIXED-LENGTH DATA ELEMENTS--GENERAL INFORMATION
fixed length control field 250902b |||||||| |||| 00| 0 eng d
041 ## - LANGUAGE CODE
Language code of text/sound track or separate title mal
082 ## - DEWEY DECIMAL CLASSIFICATION NUMBER
Classification number 923
Item number LEE/JE
100 ## - MAIN ENTRY--AUTHOR NAME
Personal name Leelakumariyamma
245 ## - TITLE STATEMENT
Title Jeevadayini /
Remainder of title ജീവദായിനി
260 ## - PUBLICATION, DISTRIBUTION, ETC. (IMPRINT)
Place of publication Kozhikode :
Name of publisher Progress Books,
Year of publication 2021.
300 ## - PHYSICAL DESCRIPTION
Number of Pages 81 p.
650 ## - SUBJECT ADDED ENTRY--TOPICAL TERM
Topical Term Biography
650 ## - SUBJECT ADDED ENTRY--TOPICAL TERM
Topical Term Endosulfan
700 ## - ADDED ENTRY--PERSONAL NAME
Personal name Ajeesh, T
942 ## - ADDED ENTRY ELEMENTS (KOHA)
Koha item type Books
Holdings
Withdrawn status Lost status Damaged status Home library Current library Date acquired Source of acquisition Cost, normal purchase price Full call number Accession Number Koha item type
      KAUAET KAUAET 02/09/2025 Donated by KT Jaleel MLA 100.00 923 LEE/JE 26328 Books
free website counter